000 00687nam a2200217Ia 4500
003 BUBTL
008 151213s9999 xx 000 0 und d
020 _a025603267x
082 _a658.3/ M5999p/ 1985
100 _aMilkovich, George T.
245 _aPersonnel Human Resource Management: A Diagnostic Approach
_cGeorge T. Milkovich & William F. Glueck.
250 _a4th
260 _aTexas
_bBusiness Publications
_cc1985
300 _a[xviii], 772p . :
_bill. Chart ; 24cm .
500 _aIncludes Index .
650 _aManagement
700 _aGeorge T.Milkovich & William F.Glueck.
856 _k0
_l0
_yDownload
942 _2ddc
_cBK
999 _c1131
_d1131